Every SS Divison - Statistics

General Stats
  • This quiz has been taken 6 times
  • The average score is 10 of 40
Answer Stats
Number Answer % Correct
2nd Das Reich
100%
12th Hitlerjugend
100%
3rd Totenkopf
100%
18th Horst Wessel
75%
6th Nord
75%
8th Florian Geyer
50%
10th Frundsberg
50%
9th Hohenstaufen
50%
1st Leibstandarte
50%
11th Nordland
50%
4th Polizei
50%
16th Reichsfuhrer
50%
5th Wiking
50%
32th Batschka
25%
38th Dirlewanger
25%
23th Kama
25%
7th Prinz Eugen
25%
33th 30. Januar
0%
35th Charlemagne
0%
20th Estnische nr 1
0%
14th Galizische
0%
17th Gotz von Berlichingen
0%
13th Handschar
0%
27th Hungaria
0%
26th Hunyadi
0%
30th Italienische
0%
25th Karstjager
0%
36th Landstorm Nederland
0%
28th Langemarck
0%
15th Lettische
0%
19th Lettische Nr 2
0%
39th Lützow
0%
22th Maria Theresia
0%
24th Nederland
0%
40th Nibelungen
0%
37th Polizei-Grenadier
0%
31th Russische
0%
21th Skanderbeg
0%
34th Ungarische
0%
29th Wallonien
0%
No matching quizzes found
Score Distribution
Percent of People with Each Score
Percentile by Number Answered
Your Score History
You have not taken this quiz